000 00464cam a22001337a 4500
008 180718b1989 xxu||||| |||| 00| 0 eng d
082 _aB262x54 N315
245 _aRole of our district in the freedom movement
_cby Nehru Yuva Kendra Sangathan
260 _aNew Delhi
_bNehru Yuva Kendra Sangathan
_c1989
300 _a820p
650 _aIndia --History, Local.
650 _aIndia --Politics and government --1765-1947
700 _aDelhi. Nehru Yuva Kendra Sangathan
999 _c420987
_d420987